00423nam a2200109Ia 4500008004100000050002400041100002400065245008300089260008600172300002800258521002700286140724s9999 xx 000 0 und d aQA 76.5b.D173 2013 aDancel, Patrick R . aPatient information system fo Dr. Elsie R. Dancel Clinic /cPatrick R. Dancel. aLas Piñas, Philippines :bSouthville International School and Colleges,cc2013. a45 p. :bill. ;c28 cm. aInformation Technology